Dance v Triplow and another (Record no. 35432)

MARC details
000 -LEADER
fixed length control field 01019cab a2200217 4500
001 - CONTROL NUMBER
control field ABS46406
008 - FIXED-LENGTH DATA ELEMENTS--GENERAL INFORMATION
fixed length control field 090401t1992 xxu||||| |||| 00| 0 eng d
035 ## - SYSTEM CONTROL NUMBER
System control number (Sirsi) u58079
041 ## - LANGUAGE CODE
Language code of text/sound track or separate title eng
245 ## - TITLE STATEMENT
Title Dance v Triplow and another
260 ## - PUBLICATION, DISTRIBUTION, ETC.
Date of publication, distribution, etc. 1992
350 ## - PRICE (NR) (BK AM CF MU VM SE) [OBSOLETE]
Price 0
490 ## - SERIES STATEMENT
Series statement Estates Gazette
Volume/sequential designation (1992) 17 EG 103-108(5)
520 ## - SUMMARY, ETC.
Summary, etc. CA 7 November 1991. An appeal against damages for interruption to a right to light was allowed. The plaintiff, though taking legal action, which began some two years after approaching his solicitor, had not communicated his non-acquiescence to the appellant, thus failing to discharge the burden of proof that he had not submitted or acquiesced in the interruption to the right to light for one year at the commencement of the present action according to Prescription Act 1832 s4.
650 ## - SUBJECT ADDED ENTRY--TOPICAL TERM
Topical term or geographic name entry element BURDEN OF PROOF
650 ## - SUBJECT ADDED ENTRY--TOPICAL TERM
Topical term or geographic name entry element PRESCRIPTION ACT 1832 S4
650 ## - SUBJECT ADDED ENTRY--TOPICAL TERM
Topical term or geographic name entry element RIGHTS TO LIGHT
690 ## - LOCAL SUBJECT ADDED ENTRY--TOPICAL TERM (OCLC, RLIN)
Topical term or geographic name as entry element HIGHWAYS AND RIGHTS OF WAY-CASE LAW
942 ## - ADDED ENTRY ELEMENTS (KOHA)
Suppress in OPAC 0
948 ## - LOCAL PROCESSING INFORMATION (OCLC); SERIES PART DESIGNATOR (RLIN)
c (OCLC) 04/03/1997
Holdings
Withdrawn status Lost status Source of classification or shelving scheme Damaged status Not for loan Home library Current library Shelving location Date acquired Total Checkouts Full call number Barcode Date last seen Copy number Price effective from Koha item type
    Dewey Decimal Classification     London London Journal article 14/09/1999   ABS46406 58079-1001 06/08/2019 1 06/08/2019 Law report